000 01160nam1a22003371i 4500
001 v19\rc\1590918
005 20260405061021.0
035 _a(NLR Aleph) 004715536
090 _a4260111
_c4260111
100 _a20061002g18951897|||y0rusy50 ca
101 0 _arus
102 _aRU
105 _a z |||||
200 1 _aТруды Девятого Археологического съезда в Вильне 1893
_fПод ред. гр. Уваровой и С.С. Слуцкого. Т. 1-
210 _aМосква
_d1895-1897
215 _d34
702 1 _4340
_8rus
_7ca
_aУварова
_bП.С.
_f1840-1924
_gПрасковья Сергеевна
_3RU\NLR\AUTH\7720160
_93228
702 1 _aСлуцкий
_bС.С.
_f1861-1903
_gСергей Сергеевич
_4340
710 1 2 _aАрхеологический съезд
_d9
_f1893
_eВильно
801 0 _aRU
_bNLR
_gpsbo
801 0 _aRU
_bRuMoRGB
_2psbo
801 1 _aRU
_bProSoft-M
_2rusmarc
852 _aNLR
_j18.61.2.74
852 _aNLR
_j134/93
899 _aRuMoRGB
899 _aНБ СПбГУ
899 _aГПИБ
899 _aНБ МГУ
899 _aБАН
942 _cBOOK